header

Mental health promotion in schools (Record no. 34001)

MARC details
000 -LEADER
fixed length control field 01129nam a2200289Ia 4500
245 00 - TITLE STATEMENT
Title Mental health promotion in schools
260 ## - PUBLICATION, DISTRIBUTION, ETC. (IMPRINT)
Place of publication Oak Park, Ill. :
Name of publisher Bentham Science Publishers,
Year of publication 2013.
300 ## - PHYSICAL DESCRIPTION
Number of Pages xi, 273 p.
650 #0 - SUBJECT ADDED ENTRY--TOPICAL TERM
Topical Term Mental health policy.
Topical Term Students
700 1# - ADDED ENTRY--PERSONAL NAME
Personal name Waller, Raymond J.
856 40 - ELECTRONIC LOCATION AND ACCESS
Uniform Resource Identifier http://site.ebrary.com/lib/rucke/Doc?id=10643178

No items available.

© 2026 Rongo University
Contact us: librarian | system librarian | Rongo university